<?xml version="1.0" encoding="UTF-8"?>
<record
    xmlns:xsi="http://www.w3.org/2001/XMLSchema-instance"
    xsi:schemaLocation="http://www.loc.gov/MARC21/slim http://www.loc.gov/standards/marcxml/schema/MARC21slim.xsd"
    xmlns="http://www.loc.gov/MARC21/slim">

  <leader>01038nam a22002295a 4500</leader>
  <controlfield tag="001">11045200</controlfield>
  <controlfield tag="005">20220326193308.0</controlfield>
  <controlfield tag="008">141208s9999||||xx |||||||||||||| ||eng||</controlfield>
  <datafield tag="020" ind1=" " ind2=" ">
    <subfield code="a">9781849762564</subfield>
  </datafield>
  <datafield tag="024" ind1="8" ind2=" ">
    <subfield code="a">36176</subfield>
  </datafield>
  <datafield tag="037" ind1=" " ind2=" ">
    <subfield code="a">36176</subfield>
    <subfield code="b">Worldwide Books</subfield>
  </datafield>
  <datafield tag="040" ind1=" " ind2=" ">
    <subfield code="a">NyItWb</subfield>
    <subfield code="c">NyItWb</subfield>
  </datafield>
  <datafield tag="082" ind1=" " ind2=" ">
    <subfield code="a">759.949.2</subfield>
    <subfield code="b">C672m</subfield>
  </datafield>
  <datafield tag="100" ind1="1" ind2=" ">
    <subfield code="a">Coelewij, Leontine</subfield>
    <subfield code="9">1884</subfield>
  </datafield>
  <datafield tag="245" ind1="1" ind2="0">
    <subfield code="a">MARLENE DUMAS .</subfield>
    <subfield code="b">THE IMAGE AS BURDEN.</subfield>
    <subfield code="c">Coelewij, Leontine</subfield>
  </datafield>
  <datafield tag="260" ind1=" " ind2=" ">
    <subfield code="b">Stedelijk Museum, Amsterdam. Published in association with Tate Modern, London. Distributed in the U.S.A. by Artbook/D.A.P., New York.</subfield>
    <subfield code="c">2014</subfield>
  </datafield>
  <datafield tag="300" ind1=" " ind2=" ">
    <subfield code="a">196 pp. with 200 col.</subfield>
    <subfield code="c">30 x 23 cm.</subfield>
  </datafield>
  <datafield tag="505" ind1=" " ind2=" ">
    <subfield code="t">Director foreword</subfield>
    <subfield code="t">Curator foreword</subfield>
    <subfield code="t">Early years 1953 - 1975</subfield>
    <subfield code="t">Love versus Death</subfield>
    <subfield code="t">Marilyn, Norma and Arlene</subfield>
    <subfield code="t">On painting</subfield>
    <subfield code="t">Barton Springs </subfield>
  </datafield>
  <datafield tag="650" ind1=" " ind2=" ">
    <subfield code="a">Art Exhibition</subfield>
    <subfield code="v">Dumas , Marlene </subfield>
    <subfield code="9">1885</subfield>
  </datafield>
  <datafield tag="700" ind1=" " ind2=" ">
    <subfield code="a">Coelewij, Leontine</subfield>
    <subfield code="9">1886</subfield>
  </datafield>
  <datafield tag="710" ind1=" " ind2=" ">
    <subfield code="a">Stedelijk Museum, Amsterdam. Published in association with Tate Modern, London. Distributed in the U.S.A. by Artbook/D.A.P., New York.</subfield>
    <subfield code="9">1887</subfield>
  </datafield>
  <datafield tag="999" ind1=" " ind2=" ">
    <subfield code="c">396</subfield>
    <subfield code="d">396</subfield>
  </datafield>
  <datafield tag="952" ind1=" " ind2=" ">
    <subfield code="0">0</subfield>
    <subfield code="1">0</subfield>
    <subfield code="2">ddc</subfield>
    <subfield code="4">0</subfield>
    <subfield code="7">0</subfield>
    <subfield code="a">LV</subfield>
    <subfield code="b">LV</subfield>
    <subfield code="c">Monograf&#xED;as</subfield>
    <subfield code="d">2014-12-11</subfield>
    <subfield code="l">0</subfield>
    <subfield code="o">759.949.2 C672m</subfield>
    <subfield code="p">004028</subfield>
    <subfield code="r">2014-12-11 00:00:00</subfield>
    <subfield code="w">2014-12-11</subfield>
    <subfield code="y">01</subfield>
  </datafield>
</record>
